[Event "Liguria Region-ch"]
[Site "Spotorno"]
[Date "2011.04.15"]
[Round "1"]
[White "Carzolio, Luigi"]
[Black "Cotugno, Michele"]
[Result "1-0"]
[WhiteElo "1919"]
[BlackElo "1740"]
[PlyCount "79"]
[EventDate "2011.04.15"]
[EventType "swiss"]
[EventRounds "5"]
[EventCountry "ITA"]
[SourceTitle "EXT 2024"]
[Source "ChessBase"]
[SourceDate "2023.10.10"]
[SourceVersion "1"]
[SourceVersionDate "2023.10.10"]
[SourceQuality "1"]

1. f4 d5 2. Nf3 Nc6 3. e3 Nf6 4. Bb5 Bd7 5. 0-0 e6 6. b3 Be7 7. Bb2 0-0 8. Bxc6 bxc6 9. Ne5 c5 10. d3 Be8 11. Nd2 a5 12. a4 Qd6 13. Qe2 Bc6 14. e4 dxe4 15. dxe4 Bb7 16. Rad1 Qa6 17. Nec4 Qc6 18. Rfe1 Rfd8 19. Bc3 Qa6 20. Bxa5 Rd4 21. Bc3 Rad8 22. Bxd4 cxd4 23. Ne5 Qa5 24. Qb5 Qa7 25. Nd3 c6 26. Qg5 Nd5 27. Qg3 Nc3 28. Ra1 Ba6 29. Qf2 c5 30. Ne5 Qb6 31. Qf3 d3 32. a5 Qb4 33. Nc6 Qb7 34. Nxd8 Bxd8 35. cxd3 Qb5 36. e5 Qb4 37. Qa8 Qd4+ 38. Kh1 Bxd3 39. Nf3 Qd7 40. a6 1-0

[Event "Savona Province-ch"]
[Site "Savona"]
[Date "2010.02.13"]
[Round "2"]
[White "Cotugno, Michele"]
[Black "Coqueraut, Jean Dominique"]
[Result "1/2-1/2"]
[WhiteElo "1683"]
[BlackElo "1815"]
[PlyCount "43"]
[EventDate "2010.02.12"]
[EventType "swiss"]
[EventRounds "5"]
[EventCountry "ITA"]
[SourceTitle "EXT 2024"]
[Source "ChessBase"]
[SourceDate "2023.10.10"]
[SourceVersion "1"]
[SourceVersionDate "2023.10.10"]
[SourceQuality "1"]

1. Nf3 d5 2. d4 Nf6 3. e3 c6 4. Be2 Bf5 5. 0-0 e6 6. Nbd2 Bd6 7. c4 Nbd7 8. b3 e5 9. dxe5 Nxe5 10. Bb2 Nxf3+ 11. Nxf3 dxc4 12. Bxc4 0-0 13. Qc1 Qe7 14. Re1 Be4 15. Be2 Rfd8 16. Rd1 Rd7 17. Nd2 Bd5 18. Bf3 Bxf3 19. Nxf3 Rad8 20. Qc2 Nd5 21. Nd4 g6 22. Nf3 1/2-1/2

[Event "Savona Province-ch"]
[Site "Savona"]
[Date "2010.02.13"]
[Round "3"]
[White "Tedeschi, Paolo"]
[Black "Cotugno, Michele"]
[Result "0-1"]
[WhiteElo "2093"]
[BlackElo "1683"]
[PlyCount "80"]
[EventDate "2010.02.12"]
[EventType "swiss"]
[EventRounds "5"]
[EventCountry "ITA"]
[SourceTitle "EXT 2024"]
[Source "ChessBase"]
[SourceDate "2023.10.10"]
[SourceVersion "1"]
[SourceVersionDate "2023.10.10"]
[SourceQuality "1"]

1. e4 c5 2. Nf3 d6 3. c3 Nc6 4. d4 cxd4 5. cxd4 Nf6 6. Nc3 e6 7. Bd3 Be7 8. 0-0 0-0 9. e5 Ne8 10. Ne4 Nb4 11. Bb1 dxe5 12. a3 Nd5 13. dxe5 Bd7 14. Neg5 g6 15. Qd4 Kg7 16. Ne4 Qb6 17. Qd2 Rh8 18. Ba2 Bc6 19. Qh6+ Kg8 20. Rb1 Bf8 21. Qh4 Be7 22. Bg5 Qc7 23. Bxd5 Bxg5 24. Nfxg5 Bxd5 25. Qf4 Qe7 26. Nf6+ Nxf6 27. exf6 Qd8 28. Rbc1 Rc8 29. Rxc8 Qxc8 30. Rc1 Bc6 31. Nf3 h6 32. Nd4 Kh7 33. Rc3 e5 34. Qc1 exd4 35. Rh3 Kg8 36. Rxh6 Rxh6 37. Qxh6 Qf8 38. Qg5 Qe8 39. h4 Qe1+ 40. Kh2 Qxf2 0-1